Психолінгвістичні аспекти мовної гендерної особистості (Запис № 283947)
[ простий вигляд ]
| 000 -LEADER | |
|---|---|
| fixed length control field | 02707nam a22001577a 4500 |
| 041 ## - LANGUAGE CODE | |
| Language code of text/sound track or separate title | ukr |
| 080 ## - UNIVERSAL DECIMAL CLASSIFICATION NUMBER | |
| Universal Decimal Classification number | 09 |
| 090 ## - LOCALLY ASSIGNED LC-TYPE CALL NUMBER (OCLC); LOCAL CALL NUMBER (OCLC) | |
| Local cutter number (OCLC) ; Book number/undivided call number, CALL (RLIN) | ГУС |
| 100 ## - MAIN ENTRY--PERSONAL NAME | |
| Personal name | Гуславська Л. А. |
| 245 ## - TITLE STATEMENT | |
| Title | Психолінгвістичні аспекти мовної гендерної особистості |
| 260 ## - PUBLICATION, DISTRIBUTION, ETC. (IMPRINT) | |
| Place of publication, distribution, etc | Острог |
| Name of publisher, distributor, etc | КАФ |
| Date of publication, distribution, etc | 2007 |
| 300 ## - PHYSICAL DESCRIPTION | |
| Extent | 78 |
| 520 ## - SUMMARY, ETC. | |
| Summary, etc | Вступ<br/>Розділ 1. Психолінгвістичні особливості вивчення мовної особистості<br/>1.1 Характерні ознаки людського сприйняття<br/>1.2 Когнітивна структура слова, лінгвоментальний аспект<br/>1.3 Моделювання процесів ідентифікації слова людиною<br/>1.4 Емоційний фактор мовленнєвої поведінки особистості<br/>Розділ 2. Гендерні ознаки вивчення мовної особистості<br/>2.1 Гендерні ознаки мовної картини світу<br/>2.2 Гендерні відмінності у виченні психічних процесів та в соціальному ракурсі<br/>2.3 Гендерні дослідження мовленнєвої поведінки<br/>Розділ 3. Психолінгвістичний підхід до моделювання гендерної мовної особистості: експериментальне дослідження<br/>3.1 Мовна емоційна репрезентація гендеру підлітками<br/>3.2 Проблеми та методи експерименту в дослідженні емоцій<br/>3.2.1 Методики та процедура дослідження<br/>3.2.2 Методи вичення емоційного переживання (феноменологія емоцій)<br/>3.3 Основні результати експериментального дослідження<br/>3.3.1 Методи та процедура дослідження<br/>3.3.2 Аналіз даних щодо точності визначення емоційних виразів обличчя юнаками та дівчатами<br/>3.3.3 Аналіз даних за опитувальником Г. Айзека EPP-S<br/>3.3.4 Аналіз оцінювання емоційних станів задоволення, нейтрального стану і відрази методом семантичного диференціалу<br/>Висновки<br/>Список використаної літератури |
| -- | гендер, психолінгвістика, лінгвістика |
| 650 ## - SUBJECT ADDED ENTRY--TOPICAL TERM | |
| Topical term or geographic name as entry element | Research Papers |
| 942 ## - ADDED ENTRY ELEMENTS (KOHA) | |
| Koha item type | Книги |
| Withdrawn status | Lost status | Source of classification or shelving scheme | Damaged status | Not for loan | Home library | Current library | Date acquired | Source of acquisition | Cost, normal purchase price | Total Checkouts | Full call number | Barcode | Date last seen | Price effective from | Koha item type |
|---|---|---|---|---|---|---|---|---|---|---|---|---|---|---|---|
| Universal Decimal Classification | ВІЛ - Відділ іноземн. літератури НБ | ВІЛ - Відділ іноземн. літератури НБ | 16/04/2009 | Акт №1 | 1.00 | 09 | 213578 | 15/12/2021 | 16/04/2009 | Книги |